Glimpses of modern Arab world: (Record no. 17006)

MARC details
000 -LEADER
fixed length control field 00708nam a22002177a 4500
005 - DATE AND TIME OF LATEST TRANSACTION
control field 20081020104841.0
008 - FIXED-LENGTH DATA ELEMENTS--GENERAL INFORMATION
fixed length control field 081020t xxu||||| |||| 00| 0 eng d
010 ## - LIBRARY OF CONGRESS CONTROL NUMBER
LC control number ENG-84039
020 ## - INTERNATIONAL STANDARD BOOK NUMBER
International Standard Book Number 8178271346
020 ## - INTERNATIONAL STANDARD BOOK NUMBER
Terms of availability 900.00 (hb)
035 ## - SYSTEM CONTROL NUMBER
System control number EN-67572
082 ## - DEWEY DECIMAL CLASSIFICATION NUMBER
Classification number 953 / JAM
100 ## - MAIN ENTRY--PERSONAL NAME
Personal name Jamali, Basheer Ahmed
245 ## - TITLE STATEMENT
Title Glimpses of modern Arab world:
Remainder of title country profiles /
Statement of responsibility, etc by Basheer Ahmed Jamali
260 ## - PUBLICATION, DISTRIBUTION, ETC. (IMPRINT)
Place of publication, distribution, etc New Delhi
Name of publisher, distributor, etc Manak Publications
260 ## - PUBLICATION, DISTRIBUTION, ETC. (IMPRINT)
Date of publication, distribution, etc 2006
300 ## - PHYSICAL DESCRIPTION
Extent x,426p
Dimensions 22cm
500 ## - GENERAL NOTE
General note Includes index
942 ## - ADDED ENTRY ELEMENTS (KOHA)
Source of classification or shelving scheme Dewey Decimal Classification
Koha item type English Books
Classification part 953
Call number suffix JAM
Holdings
Withdrawn status Lost status Source of classification or shelving scheme Damaged status Not for loan Home library Current library Date acquired Cost, normal purchase price Total Checkouts Full call number Barcode Date last seen Copy number Cost, replacement price Price effective from Koha item type
    Dewey Decimal Classification   Not For Loan D.B.Act.Division D.B.Act.Division 22/02/2007 900.00   953 JAM EN-67572 21/10/2008 1 900.00 21/10/2008 English Books

© Delhi Public Library
Hit Counter
free hit counter